Cái hột mận

Đã lưu trong:
Bibliografiske detaljer
Hovedforfatter: Lan Khai
Format: Bog
Sprog:Undetermined
Udgivet: Tp. HCM Văn Nghệ 1996
Fag:
Tags: Tilføj Tag
Ingen Tags, Vær først til at tagge denne postø!
Thư viện lưu trữ: Trung tâm Học liệu Trường Đại học Cần Thơ
LEADER 00452nam a2200181Ia 4500
001 CTU_53313
008 210402s9999 xx 000 0 und d
020 |b 5000 
082 |a 895.922331 
082 |b L105 
100 |a Lan Khai 
245 0 |a Cái hột mận 
245 0 |c Lan Khai 
260 |a Tp. HCM 
260 |b Văn Nghệ 
260 |c 1996 
650 |a vietnamese fiction 
980 |a Trung tâm Học liệu Trường Đại học Cần Thơ